| 000 | 00511nam a2200181Ia 4500 | ||
|---|---|---|---|
| 999 |
_c870 _d870 |
||
| 003 | OSt | ||
| 005 | 20210914114016.0 | ||
| 008 | 190216s9999||||xx |||||||||||||| ||und|| | ||
| 020 | _a9789772776009 | ||
| 040 | _coclc | ||
| 082 |
_a892.71 _bSAL/M |
||
| 100 |
_aSaleem, Mohamed Ibrahim _98721 |
||
| 245 | 0 |
_aMahamud Sami Al Barudi / _cMohamed Ibrahim Saleem |
|
| 260 |
_bDarul Ithala, _c2013. _aCairo: |
||
| 300 | _a80p | ||
| 650 | _aArabic | ||
| 942 |
_cBK _2ddc _h892.71 _iSAL/M _k892.71 _mSAL/M |
||